000 00973cab a2200241 4500
001 WB3425-05
008 090401t1998 xxu||||| |||| 00| 0 eng d
035 _a(Sirsi) u87162
041 _aeng
245 _aRIBA`s new contract
260 _c1998
350 _a0
490 _aBuilding
_v263(26) 26 June 1998, 11(1)
520 _aRIBA is launching a new appointment contract, CE/98 which emphasises conciliation ahead of adjudication. It will supersede contracts SFH/92 and CE/95 and will sit alongside contract SW/96.
650 _aMANAGEMENT-DISPUTE AVOIDANCE, MANAGEMENT AND RESOLUTION-DISPUTE MANAGEMENT AND RESOLUTION-ALTERNATIVE DISPUTE RESOLUTION-ADJUDICATION
650 _aRIBA CONDITIONS OF ENGAGEMENT FOR THE APPOINTMENT OF AN ARCHITECT (1999 EDITION)
650 _aCONCILIATION
650 _aBUILT ENVIRONMENT-BUILDING CONTRACT FORMS
650 _aRIBA
690 _aBUILT ENVIRONMENT-BUILDING CONTRACT FORMS
942 _n0
948 _c02/07/1998
999 _c54946
_d54946